Normal view
MARC view
- Jillani, Ahmad Javaid
Entry Personal Name
001 - CONTROL NUMBER
- control field: 28225
003 - CONTROL NUMBER IDENTIFIER
- control field: NUST
005 - DATE AND TIME OF LATEST TRANSACTION
- control field: 20200130161453.0
008 - FIXED-LENGTH DATA ELEMENTS
- fixed length control field: 200130|| aca||aabn | a|a d
040 ## - CATALOGING SOURCE
- Original cataloging agency: NUST
- Transcribing agency: NUST
100 ## - HEADING--PERSONAL NAME
- Personal name: Jillani, Ahmad Javaid
670 ## - SOURCE DATA FOUND
- Source citation: Work cat.: (NUST): Jillani, Ahmad Javaid, Tasveer dost, Lahore
